English Words of Old Norse Origin Quiz Stats

 Plays Quiz Updated Apr 11, 2019

Score 0/30 Timer 10:00
2 Plays Today
Old Norse Word English Word % Correct
Baggibag
95.6%
Knifrknife
92.1%
Skirrascare
91%
Gestrguest
90.3%
klippaclip
89.1%
Mistakamistake
88.4%
kiðkid
87.7%
Týsdagrtuesday
86.9%
Þorsdagrthursday
86.9%
Deyjadie
84.1%
Klubbaclub
80.9%
Steiksteak
80.7%
Vkingrviking
73.6%
Geysageyser
72.9%
Berserkrberserk
72%
Old Norse Word English Word % Correct
Gæslinggosling
68.9%
Slathraslaughter
67.4%
Kallacall
67.3%
Rásrace
61.3%
Bleikrbleak
61%
Laussloose
56.7%
Myrrmire
54.4%
Blundablunder
45.7%
Skarfrscarf
44.6%
Gjördhgirth
41.8%
Öxullaxle
39.5%
Fokfog
24.4%
Gawengawk
23.3%
Hreinnreindeer
8.8%
Kraflacrawl
8.8%

You're not logged in!

Compare scores with friends on all Sporcle quizzes.
OR
Log In

Sporcle TV

Today on Sporcle TV


Watch our educational content, quiz creation guides, and fun videos on Sporcle TV.

Show Comments

Extras

Top Quizzes Today


Score Distribution

Your Account Isn't Verified!

In order to create a playlist on Sporcle, you need to verify the email address you used during registration. Go to your Sporcle Settings to finish the process.

Report this User

Report this user for behavior that violates our Community Guidelines.

Details: